Classifica Marcatori La Liga 2016-2017 - Statistics

Statistiche generali
  • Questo quiz è stato fatto 21 volte
  • Il punteggio medio è 7 su 18
Statistiche sulle risposte
Gol Nazione Squadra Calciatore % Corretto
25 Portogallo Real Madrid Cristiano Ronaldo
100%
37 Argentina Barcellona Lionel Messi
100%
29 Uruguay Barcellona Luis Suárez
100%
16 Francia Atletico Madrid Antoine Griezmann
84%
13 Brasuke Barcellona Neymar
84%
19 Spagna Celta Vigo Iago Aspas
68%
15 Spagna Real Madrid Álvaro Morata
53%
16 Spagna Athletic Bilbao Aritz Aduriz
47%
12 Francia Atletico Madrid Kévin Gameiro
37%
12 Brasile Real Sociedad Willian José
21%
13 Spagna Espanyol Gerard Moreno
11%
11 Francia Siviglia Wissam Ben Yedder
11%
12 Romania Deportivo La Coruña Florin Andone
5%
13 Spagna Real Betis Siviglia Rubén Castro
5%
11 Francia/Repubblica Democratica del Condo Villarreal Cédric Bakumbu
0%
11 Spagna Real Sociedad Juanmi
0%
14 Spagna Malaga Sandro Ramirez
0%
11 Spagna Eibar Sergi Enrich
0%
Nessun quiz corrispondente trovato
Distribuzione punteggi
Percentuale di utenti per punteggio
Percentile per numero di risposta
I tuoi punteggi nel tempo
Non hai fatto questo quiz